zpět

Detail výsledku týmu

MaxWilliam, Znojmo

Datum a čas kvízu

23 Celkem bodů Celkový počet nahraných bodů na tomto kvízu bez doplňovacích otázek.
8. Pořadí na kvízu Konečné umístění týmu na tomto kvízu.

Zaznamenané odpovědi

# Otázka Odpověď Body Výsledky
1. Až na jih Moravy se zatoulal p... D) pelikán 1
2. 54letá učitelka Gill Punt z br... A) za ledního medvěda 0
3. Jeden americký umělec obdržel... Kendrick Lamar 1
4. Vláda jednoho jihoevropského s... o Chorvatsku 0
5. Která tenistka v pondělí na so... Petra Kvitová 1
6. Kterým slovem na písmeno K se... kapsid(a) 1
7. V roce 2016 vyhlásila WHO glob... zika 0
8. Přiřaďte viry k onemocněním, k... 1A 2B 3D 4C 1
9. Viry mají svou genetickou info... U (uracil) 1
10. V oblíbené ptačí rezervaci z n... Pandemie 0